| 000 | 02296nam a22003978i 4500 | ||
|---|---|---|---|
| 001 | CR9781783084876 | ||
| 003 | UkCbUP | ||
| 005 | 20250131171212.0 | ||
| 006 | m|||||o||d|||||||| | ||
| 007 | cr|||||||||||| | ||
| 008 | 150921s2015||||enk o ||1 0|eng|d | ||
| 020 | _a9781783084876 (ebook) | ||
| 020 | _z9781783084869 (hardback) | ||
| 020 | _z9781783084890 (paperback) | ||
| 040 |
_aKO _beng |
||
| 041 | 0 | _aeng | |
| 082 | 0 | 0 |
_a333.91/7 _223 |
| 100 | 1 |
_aSusskind, Lawrence, _eauthor. |
|
| 245 | 1 | 0 |
_aManaging climate risks in coastal communities : _bstrategies for engagement, readiness and adaptation / _cLawrence Susskind, Danya Rumore, Carri Hulet and Patrick Field. |
| 264 | 1 |
_aLondon : _bAnthem Press, _c2015. |
|
| 300 |
_a1 online resource (x, 451 pages) : _bdigital, PDF file(s). |
||
| 338 | _aonline resource | ||
| 500 | _aTitle from publisher's bibliographic system (viewed on 10 Dec 2015). | ||
| 520 | _aDrawing on research from the New England Climate Adaptation Project, 'Managing Climate Risks for Coastal Communities' introduces a framework for building local capacity to respond to climate change. The authors maintain that local climate adaptation efforts require collective commitments to risk management, but that many communities are not ready to take on the challenge and urgently need enhanced capacity to support climate adaptation planning. To this end, the book offers statistical assessments of one readiness enhancement strategy, using tailored role-play simulations as part of a broader engagement approach. It also introduces methods for forecasting local climate change risks, as well as for evaluating the social and political context in which collective action must take place. With extensive illustration and example engagement materials, this volume is tailored for use by researchers, policy makers and practitioners. | ||
| 650 | 0 | _aCoastal zone management. | |
| 650 | 0 |
_aClimatic changes _xRisk management. |
|
| 650 | 0 | _aCoastal engineering. | |
| 700 | 1 |
_aRumore, Danya Lee, _eauthor. |
|
| 700 | 1 |
_aHulet, Carri, _eauthor. |
|
| 700 | 1 |
_aField, Patrick, _d1963- _eauthor. |
|
| 856 | 4 | 0 | _uhttp://www.cambridge.org/core/product/identifier/9781783084876/type/BOOK |
| 904 | _aRUDRA_R | ||
| 905 | _aR_RANJAN | ||
| 942 |
_2ddc _cEB |
||
| 999 |
_c3300 _d3300 |
||